000 00682nam a2200253Ia 4500
003 OSt
005 20220918165308.0
006 a|||||r|||| 00| 0
007 ta
008 220917b |||||||| |||| 00| 0 eng d
020 _a1859841562 (pbk)
024 _a161,884
037 _cTextual
040 _aARTS
_cARTS
_beng
041 _2eng
_aeng
082 _aX:3M24xM18, N0
100 _aJameson Fredric
245 0 _aLate marxism
_b Adorno or the persistence of the dialectic
260 _aLondon
_bVerso
_c1990
300 _ax, 270p.
_ccm.
650 _aECONOMICS
942 _hX:3M24xM18, N0
_cTEXL
_2CC
999 _c129119
_d129119